[Event "EU-ch Online 2300+ Qual"]
[Site "Chess.com INT"]
[Date "2020.05.29"]
[Round "1"]
[White "Altarboush, Wared"]
[Black "Movsesian, Sergei"]
[Result "0-1"]
[WhiteElo "2234"]
[BlackElo "2649"]
[PlyCount "102"]
[EventDate "2020.05.29"]
[EventType "swiss"]
[EventRounds "8"]
[EventCountry "NET"]
[SourceTitle "CBM 196 Extra"]
[Source "ChessBase"]
[SourceDate "2020.07.31"]
[SourceVersion "1"]
[SourceVersionDate "2020.07.31"]
[SourceQuality "1"]

1. e4 c5 2. Nf3 e6 3. d4 cxd4 4. Nxd4 Nc6 5. Nc3 a6 6. Be3 Nf6 7. Qd2 e5 8. Nb3 Bb4 9. f3 d5 10. exd5 Nxd5 11. Bd3 Nxe3 12. Qxe3 Be6 13. 0-0 0-0 14. Rad1 Qe7 15. Kh1 Rad8 16. Ne4 h6 17. a3 Bd6 18. Nbc5 Bc8 19. Nxd6 Rxd6 20. Ne4 Rdd8 21. Rde1 Rfe8 22. Ng3 Qh4 23. f4 Re7 24. f5 f6 25. Qc5 Qd4 26. Ne4 Qxb2 27. Qe3 Qd4 28. Qg3 Rf8 29. Rf3 Qd8 30. c3 Kh8 31. Qg4 Rd7 32. Rg3 Qe7 33. Rh3 b5 34. Bc2 Bb7 35. Rhe3 Na5 36. Qe2 Rfd8 37. h3 Nc4 38. Rg3 Nxa3 39. Bb3 Nc4 40. Bxc4 bxc4 41. Qxc4 Rc7 42. Qe2 a5 43. Rg6 Bxe4 44. Qxe4 Rxc3 45. Qh4 Kh7 46. Kh2 Rc2 47. Qg3 Rdd2 48. Rg1 e4 49. Rg4 e3 50. Qb8 e2 51. Re1 Rd1 0-1

[Event "EU-ch Online 2300+ Qual"]
[Site "Chess.com INT"]
[Date "2020.05.29"]
[Round "7"]
[White "Smith, Axel"]
[Black "Altarboush, Wared"]
[Result "1-0"]
[WhiteElo "2442"]
[BlackElo "2234"]
[PlyCount "65"]
[EventDate "2020.05.29"]
[EventType "swiss"]
[EventRounds "8"]
[EventCountry "NET"]
[SourceTitle "CBM 196 Extra"]
[Source "ChessBase"]
[SourceDate "2020.07.31"]
[SourceVersion "1"]
[SourceVersionDate "2020.07.31"]
[SourceQuality "1"]

1. Nf3 d5 2. e3 Nf6 3. c4 c6 4. Nc3 Nbd7 5. d4 e6 6. Bd2 Bd6 7. Bd3 dxc4 8. Bxc4 0-0 9. 0-0 e5 10. Qc2 Qe7 11. h3 b5 12. Bb3 Bb7 13. Rae1 e4 14. Ng5 Rae8 15. f3 exf3 16. Nxf3 b4 17. Ne2 Ne4 18. Nf4 Ndf6 19. Nd3 Bg3 20. Nfe5 Bxe1 21. Bxe1 Nd5 22. Bxd5 cxd5 23. Bxb4 Qe6 24. Nf4 Qb6 25. Bxf8 Rc8 26. Bc5 Nxc5 27. dxc5 Rxc5 28. Qf5 Rc7 29. Nh5 Qxe3+ 30. Kh2 g6 31. Nf6+ Kg7 32. Ne8+ Kf8 33. Qf6 1-0

[Event "EU-ch Online U2300 Final"]
[Site "Chess.com INT"]
[Date "2020.05.26"]
[Round "2"]
[White "Altarboush, Wared"]
[Black "Klimkowski, Jan"]
[Result "1-0"]
[WhiteElo "2234"]
[BlackElo "2193"]
[PlyCount "81"]
[EventDate "2020.05.26"]
[EventType "swiss"]
[EventRounds "8"]
[EventCountry "NET"]
[SourceTitle "CBM 196 Extra"]
[Source "ChessBase"]
[SourceDate "2020.07.31"]
[SourceVersion "1"]
[SourceVersionDate "2020.07.31"]
[SourceQuality "1"]

1. e4 c5 2. Nf3 d6 3. d4 cxd4 4. Nxd4 Nf6 5. Nc3 a6 6. h3 e5 7. Nde2 Be7 8. g4 0-0 9. Bg2 b5 10. Be3 Bb7 11. 0-0 b4 12. Nd5 Nxd5 13. exd5 Nd7 14. f4 Bf6 15. f5 Bg5 16. Bf2 Bh4 17. Ng3 Rc8 18. Ne4 Bxf2+ 19. Rxf2 Nb6 20. f6 Bxd5 21. Qd2 Bxe4 22. Bxe4 Kh8 23. Raf1 g6 24. h4 d5 25. Bd3 e4 26. Bxa6 Ra8 27. Be2 Qd6 28. Qh6 Rg8 29. h5 g5 30. Kg2 d4 31. Rf5 Nd5 32. Rxg5 Ne3+ 33. Kh3 Nxf1 34. Bxf1 Rxg5 35. Qxg5 Rg8 36. Qf5 Qc6 37. Bg2 Re8 38. Qg5 Rg8 39. Qf4 Qxc2 40. Bxe4 Qc5 41. Qh6 1-0

[Event "EU-ch Online U2300 Final"]
[Site "Chess.com INT"]
[Date "2020.05.26"]
[Round "6"]
[White "Terletsky, Oleg"]
[Black "Altarboush, Wared"]
[Result "0-1"]
[WhiteElo "2307"]
[BlackElo "2234"]
[PlyCount "122"]
[EventDate "2020.05.26"]
[EventType "swiss"]
[EventRounds "8"]
[EventCountry "NET"]
[SourceTitle "CBM 196 Extra"]
[Source "ChessBase"]
[SourceDate "2020.07.31"]
[SourceVersion "1"]
[SourceVersionDate "2020.07.31"]
[SourceQuality "1"]

1. e4 e6 2. d4 d5 3. Nd2 c5 4. Ngf3 cxd4 5. exd5 Qxd5 6. Bc4 Qd6 7. 0-0 Nf6 8. Nb3 Nc6 9. Nbxd4 Nxd4 10. Nxd4 Be7 11. Nb5 Qxd1 12. Rxd1 0-0 13. Bf4 Bd7 14. Nd6 Bxd6 15. Bxd6 Rfc8 16. Bb3 Bc6 17. f3 Bd5 18. c3 Bxb3 19. axb3 a6 20. c4 Nd7 21. Be7 Rc7 22. Rd4 Ne5 23. Bd6 Nc6 24. Bxc7 Nxd4 25. b4 Rc8 26. Rd1 Nc6 27. Rd7 b5 28. cxb5 axb5 29. Ba5 g6 30. Rb7 Nd4 31. Bb6 Rc1+ 32. Kf2 Rc2+ 33. Kf1 Rc1+ 34. Kf2 Rc2+ 35. Kf1 e5 36. Bxd4 exd4 37. Rxb5 Rxb2 38. h4 Kg7 39. h5 gxh5 40. Rxh5 Rxb4 41. Rd5 Kf6 42. Kf2 Ke6 43. Rd8 Ke5 44. Re8+ Kd5 45. Rd8+ Kc4 46. Rd7 Rb2+ 47. Kg3 d3 48. Rxf7 d2 49. Rd7 Kc3 50. f4 Kc2 51. Rc7+ Kd3 52. Rd7+ Ke2 53. Re7+ Kf1 54. Rd7 Rb3+ 55. Kg4 Ke2 56. Rxd2+ Kxd2 57. f5 Ke3 58. f6 Rb7 59. Kf5 Rb1 60. g4 Rf1+ 61. Ke6 Kf4 0-1

[Event "EU-ch Online U2300 Qual"]
[Site "Chess.com INT"]
[Date "2020.05.25"]
[Round "6"]
[White "Sjoberg, Isak"]
[Black "Altarboush, Wared"]
[Result "0-1"]
[WhiteElo "2189"]
[BlackElo "2234"]
[PlyCount "54"]
[EventDate "2020.05.25"]
[EventType "swiss"]
[EventRounds "8"]
[EventCountry "NET"]
[SourceTitle "EXT 2021"]
[Source "ChessBase"]
[SourceDate "2020.10.23"]
[SourceVersion "1"]
[SourceVersionDate "2020.10.23"]
[SourceQuality "1"]

1. e4 b6 2. d4 Bb7 3. Nc3 e6 4. Bd3 Bb4 5. Nge2 d5 6. 0-0 Ne7 7. exd5 Nxd5 8. Ne4 Be7 9. c3 Nd7 10. N2g3 N7f6 11. Bc2 0-0 12. Re1 Re8 13. Qd3 g6 14. Bg5 Nxe4 15. Bxe7 Nxf2 16. Kxf2 Qxe7 17. Ne4 f5 18. Ng3 Nf4 19. Qc4 Bd5 20. Qa6 Nxg2 21. Re5 Nf4 22. c4 Qh4 23. cxd5 Qxh2+ 24. Kf3 Qg2+ 25. Kxf4 Qf2+ 26. Kg5 Qxg3+ 27. Kf6 Qh4# 0-1

[Event "Wch U12"]
[Site "Kemer"]
[Date "2007.11.28"]
[Round "11"]
[White "Altarboush, Wared"]
[Black "Vetoshko, Volodymyr"]
[Result "1/2-1/2"]
[WhiteElo "2074"]
[BlackElo "1903"]
[PlyCount "61"]
[EventDate "2007.11.18"]
[EventType "swiss"]
[EventRounds "11"]
[EventCountry "TUR"]
[SourceTitle "CBM 121 Extra"]
[Source "ChessBase"]
[SourceDate "2008.01.10"]
[SourceVersion "1"]
[SourceVersionDate "2008.01.10"]
[SourceQuality "1"]

1. e4 c5 2. Nf3 d6 3. Bb5+ Bd7 4. Bxd7+ Qxd7 5. 0-0 Nf6 6. Re1 Nc6 7. c3 e6 8. d4 cxd4 9. cxd4 d5 10. e5 Ne4 11. Nbd2 Nxd2 12. Bxd2 Be7 13. Bg5 Bb4 14. Re2 0-0 15. a3 Be7 16. Qd3 Rfc8 17. Bxe7 Qxe7 18. b4 Nb8 19. Rc2 Nd7 20. Rac1 Nb6 21. Nd2 Qd7 22. Qb3 Rxc2 23. Rxc2 Qb5 24. Rc7 Qe2 25. Qf3 Qxf3 26. Nxf3 Rc8 27. Rxc8+ Nxc8 28. Kf1 Nb6 29. Nd2 Kf8 30. Ke2 Ke7 31. Kd3 1/2-1/2

[Event "Wch U12"]
[Site "Kemer"]
[Date "2007.11.21"]
[Round "4"]
[White "Naroditsky, Daniel"]
[Black "Altarboush, Wared"]
[Result "1-0"]
[WhiteElo "2124"]
[BlackElo "2074"]
[PlyCount "117"]
[EventDate "2007.11.18"]
[EventType "swiss"]
[EventRounds "11"]
[EventCountry "TUR"]
[SourceTitle "CBM 121 Extra"]
[Source "ChessBase"]
[SourceDate "2008.01.10"]
[SourceVersion "1"]
[SourceVersionDate "2008.01.10"]
[SourceQuality "1"]

1. Nf3 Nf6 2. g3 d5 3. Bg2 c5 4. 0-0 Nc6 5. d4 cxd4 6. Nxd4 e5 7. Nxc6 bxc6 8. c4 Be7 9. Nc3 Be6 10. Bg5 e4 11. cxd5 cxd5 12. Qa4+ Qd7 13. Qxd7+ Nxd7 14. Bxe7 Kxe7 15. Rfd1 Nb6 16. Nb5 a6 17. Nd4 Rac8 18. e3 Bg4 19. Rdc1 Rxc1+ 20. Rxc1 Rc8 21. Rxc8 Bxc8 22. Kf1 Kd6 23. Ke1 Nc4 24. b3 Ne5 25. Bf1 Kc5 26. Kd2 a5 27. Kc3 f5 28. Be2 g6 29. a3 Bd7 30. h4 Nf7 31. Kd2 Nd6 32. Kc3 Nf7 33. b4+ axb4+ 34. axb4+ Kb6 35. Kd2 Nd6 36. Kc3 Bb5 37. Bd1 Bc4 38. g4 Nb5+ 39. Nxb5 Bxb5 40. gxf5 gxf5 41. Bb3 Kc6 42. Kd4 Kd6 43. Bxd5 h6 44. Bg8 Ba6 45. Bh7 Bc8 46. b5 Ke6 47. Kc5 Ke7 48. b6 Bb7 49. Bxf5 Kf6 50. Bd7 Kg6 51. Bc6 Ba6 52. b7 Bxb7 53. Bxb7 Kh5 54. Bxe4 Kxh4 55. Kd4 Kg4 56. Ke5 h5 57. f4 h4 58. f5 Kg5 59. f6 1-0

[Event "Wch U12"]
[Site "Kemer"]
[Date "2007.11.20"]
[Round "3"]
[White "Altarboush, Wared"]
[Black "Idani, Pouya"]
[Result "1-0"]
[WhiteElo "2074"]
[BlackElo "1853"]
[PlyCount "44"]
[EventDate "2007.11.18"]
[EventType "swiss"]
[EventRounds "11"]
[EventCountry "TUR"]
[SourceTitle "CBM 121 Extra"]
[Source "ChessBase"]
[SourceDate "2008.01.10"]
[SourceVersion "1"]
[SourceVersionDate "2008.01.10"]
[SourceQuality "1"]

1. e4 e5 2. Nf3 Nc6 3. Bb5 a6 4. Bxc6 dxc6 5. 0-0 f6 6. d4 exd4 7. Nxd4 c5 8. Ne2 Qxd1 9. Rxd1 Bg4 10. Nbc3 Bd6 11. f3 Bd7 12. Nf4 Bxf4 13. Bxf4 Ne7 14. Nd5 Nxd5 15. Rxd5 b6 16. Rad1 0-0 17. c4 Rae8 18. Rh5 h6 19. Rhd5 a5 20. b3 f5 21. exf5 Bxf5 22. Rxf5 Rxf5 1-0